Normal view
MARC view
- Wani Kalyani S - 2k141093; Prof. Archana Tatkar - Guide & [Company Name] - E-Zest Solutions Ltd
Entry Personal Name
001 - CONTROL NUMBER
- control field: 103742
003 - CONTROL NUMBER IDENTIFIER
- control field: OSt
005 - DATE AND TIME OF LATEST TRANSACTION
- control field: 20221007220650.0
008 - FIXED-LENGTH DATA ELEMENTS
- fixed length control field: 221007|| aca||aabn | a|a d
040 ## - CATALOGING SOURCE
- Original cataloging agency: OSt
- Transcribing agency: OSt
100 ## - HEADING--PERSONAL NAME
- Personal name: Wani Kalyani S - 2k141093; Prof. Archana Tatkar - Guide & [Company Name] - E-Zest Solutions Ltd
670 ## - SOURCE DATA FOUND
- Source citation: Work cat.: (OSt)75075: Wani Kalyani S - 2k141093; Prof. Archana Tatkar - Guide & [Company Name] - E-Zest Solutions Ltd., Hiring For International Clients - Global Talent Acquisition, Sep-15